| 000 | 00861nam a2200265 a 4500 | ||
|---|---|---|---|
| 005 | 20251028063937.0 | ||
| 008 | 991125s1992 mx 000 0 spa u | ||
| 020 | _a9682933749 | ||
| 035 | _aUPN01000042171 | ||
| 049 | _aI | ||
| 050 | 4 |
_aLB1589 M6 _bN84 |
|
| 245 | 0 | 4 |
_aLos números y su representación : _bpropuesta para divertirse y trabajar en el aula / _cDavid Block... [et al.] |
| 260 |
_aMéxico : _bSEP, Libros del Rincón, _c1992 |
||
| 300 |
_a70 p. : _bil |
||
| 440 | 0 | _aBiblioteca del maestro | |
| 500 | _a"Cuadernos de aula" | ||
| 500 | _a"Década de la alfabetización" | ||
| 650 | 4 |
_aJuegos educativos _93952 |
|
| 650 | 4 |
_aMatemáticas _xEstudio y enseñanza (Elemental) _92809 |
|
| 700 | 1 |
_aBlock Sevilla, David _ecoaut. _932624 |
|
| 902 | _aCAV CARLOS AGUILAR VILLA | ||
| 904 |
_aAC _b042173 |
||
| 905 | _aInfantil | ||
| 999 |
_c42171 _d42171 |
||